Σχεδιασμός ενός Συστήματος Αξιολόγησης της Απόδοσης του Προσωπικού για την Εταιρία Eurotel Hospitality Α.Ε (Record no. 8618)
[ view plain ]
| 000 -LEADER | |
|---|---|
| fixed length control field | 01624cam a22001934a 4500 |
| 005 - ΗΜΕΡΟΜΗΝΙΑ ΚΑΙ ΩΡΑ ΤΕΛΕΥΤΑΙΑΣ ΕΝΗΜΕΡΩΣΗΣ | |
| Πεδίο ελέγχου | 20250605164341.0 |
| 008 - FIXED-LENGTH DATA ELEMENTS--GENERAL INFORMATION | |
| Πεδίο ελέγχου σταθερού μήκους | 250528s ||||||||||||||||||||||||d |
| 035 ## - SYSTEM CONTROL NUMBER | |
| System control number | 23618 |
| 040 ## - ΠΗΓΗ ΚΑΤΑΛΟΓΟΓΡΑΦΗΣΗΣ | |
| Φορέας πρωτότυπης καταλογογράφησης | MC Athens Campus Library |
| Γλώσσα καταλογογράφησης | Ελληνικά, Μοντέρνα (1453-) |
| Modifying agency | MC Athens Campus Library |
| Κανόνες περιγραφικής καταλογογράφησης | AACR2 |
| 245 1# - ΤΙΤΛΟΣ ΚΑΙ ΔΗΛΩΣΗ ΥΠΕΥΘΥΝΟΤΗΤΑΣ | |
| Τίτλος | Σχεδιασμός ενός Συστήματος Αξιολόγησης της Απόδοσης του Προσωπικού για την Εταιρία Eurotel Hospitality Α.Ε |
| 260 ## - PUBLICATION, DISTRIBUTION, ETC. | |
| Date of publication, distribution, etc. | 2015 |
| 300 ## - PHYSICAL DESCRIPTION | |
| Extent | 82 |
| 520 ## - SUMMARY, ETC. | |
| Summary, etc. | Εισαγωγή, η Έννοια της Αξιολόγησης, Τύποι - Διαδικασίες - Στόχοι Αξιολόγησης Προσανατολισμός της Αξιολόγησης, Προβλάματα Συστημάτων Αξιολόγησης, οι Σκοποί της Εισαγωγής της Αξιολόγησης στην Επιχείρηση, οι Εργαζόμενοι στο Ρόλο του Αξιολογητή, τα Στάδια της Προγραμματισμένης Αξιολόγησης της Απόδοσης, Στόχοι Υλικό της Έρευνας, Εργαλεία Στατιστικής Ανάλυσης, Προβλήματα στη Διεξαγωγή της Έρευνας, Μελέτη Περίπτωσης EUROTEL HOSPITALITY Α.Ε, ποια θα είναι τα Οφέλη της Επιχείρησης από την Εφαρμογή του Συστήματος, Συμπεράσματα, Προτάσεις, Βιβλιογραφία. |
| 700 1# - ΠΡΟΣΘΕΤΗ ΑΝΑΓΡΑΦΗ--ΦΥΣΙΚΟ ΠΡΟΣΩΠΟ | |
| Personal name | Μαρκάκη Ευαγγελία |
| 9 (RLIN) | 5539 |
| 700 1# - ΠΡΟΣΘΕΤΗ ΑΝΑΓΡΑΦΗ--ΦΥΣΙΚΟ ΠΡΟΣΩΠΟ | |
| Personal name | Πολάκη Δήμητρα |
| 9 (RLIN) | 9208 |
| 942 ## - ADDED ENTRY ELEMENTS (KOHA) | |
| Koha item type | Διπλωματική εργασία |
| Τύπος τεκμηρίου | Βιβλιοθήκη | Τρέχουσα τοποθεσία | Barcode | Ημερομηνία απόκτησης | Ταξιθετικό σύμβολο | Αριθμός αντιτύπου | Κατάσταση απόσυρσης | Κατάσταση χαμένου | Κατάσταση κατεστραμμένου | Μη δανεισμός | Σύνολο δανεισμών | Ημερομηνία τελευταίας εμφάνισης | Η τιμή ισχύει από |
|---|---|---|---|---|---|---|---|---|---|---|---|---|---|
| Διπλωματική εργασία | MC Athens Campus Library | MC Athens Campus Library | 9780000086174 | 05/06/2025 | BUS 2015 (17) | 1 | 05/06/2025 | 05/06/2025 |